[Event "GRE Armed Forces-ch"]
[Site "Attica"]
[Date "2019.12.03"]
[Round "4.2"]
[White "Pavlidou, Ekaterini"]
[Black "Nikolopoulos, Konstantinos"]
[Result "1-0"]
[WhiteElo "2182"]
[BlackElo "1716"]
[PlyCount "77"]
[EventDate "2019.12.02"]
[EventType "swiss"]
[EventRounds "9"]
[EventCountry "GRE"]
[SourceTitle "EXT 2024"]
[Source "ChessBase"]
[SourceDate "2023.10.10"]
[SourceVersion "1"]
[SourceVersionDate "2023.10.10"]
[SourceQuality "1"]

1. d4 b6 2. c4 Bb7 3. Nc3 e6 4. a3 Nf6 5. Nf3 c5 6. d5 exd5 7. cxd5 d6 8. e4 Be7 9. Bd3 Nbd7 10. 0-0 0-0 11. h3 Ne5 12. Nxe5 dxe5 13. f4 Nd7 14. Bb5 Bd6 15. Bc6 Bxc6 16. dxc6 Nf6 17. Qd3 a6 18. Rd1 Bc7 19. Qf3 Qe8 20. Nd5 Nxd5 21. exd5 e4 22. Qe2 Bd6 23. Be3 Qe7 24. Kh1 Qh4 25. Qg4 Qxg4 26. hxg4 f5 27. g5 h6 28. gxh6 gxh6 29. b4 Rab8 30. Rab1 Kf7 31. Rd2 a5 32. bxa5 bxa5 33. Rdb2 Ke7 34. Rxb8 Rxb8 35. Rxb8 Bxb8 36. Bxc5+ Kd8 37. d6 e3 38. Bb6+ Bc7 39. Bxc7+ 1-0

[Event "GRE Armed Forces-ch"]
[Site "Attica"]
[Date "2019.12.02"]
[Round "3.4"]
[White "Nikolopoulos, Konstantinos"]
[Black "Tsilouhas, Vasilios"]
[Result "1-0"]
[WhiteElo "1716"]
[BlackElo "2134"]
[PlyCount "95"]
[EventDate "2019.12.02"]
[EventType "swiss"]
[EventRounds "9"]
[EventCountry "GRE"]
[SourceTitle "EXT 2024"]
[Source "ChessBase"]
[SourceDate "2023.10.10"]
[SourceVersion "1"]
[SourceVersionDate "2023.10.10"]
[SourceQuality "1"]

1. b3 Nf6 2. Bb2 g6 3. Nf3 Bg7 4. e3 0-0 5. Be2 d6 6. d4 b6 7. 0-0 Bb7 8. c4 Nbd7 9. Nbd2 Ne4 10. Nxe4 Bxe4 11. Nd2 Bb7 12. Bf3 Bxf3 13. Qxf3 c5 14. Rab1 e5 15. dxe5 dxe5 16. Rfd1 Qe7 17. Ne4 f5 18. Nc3 e4 19. Qe2 Rad8 20. Nd5 Qe6 21. Bxg7 Kxg7 22. Nc7 Qe5 23. Qb2 Kg8 24. Qxe5 Nxe5 25. Ne6 Rxd1+ 26. Rxd1 Re8 27. Nc7 Rc8 28. Nb5 a6 29. Nc3 Nd3 30. a4 Kf7 31. Nd5 Rc6 32. Kf1 g5 33. g3 Ke6 34. Ke2 Kf7 35. f3 Rh6 36. fxe4 fxe4 37. Rf1+ Ke6 38. h4 gxh4 39. gxh4 Rxh4 40. Rf6+ Ke5 41. Rxb6 Rh2+ 42. Kd1 Nf2+ 43. Ke1 Nd3+ 44. Kf1 Rb2 45. Rxa6 Rxb3 46. a5 Ra3 47. Ra8 Kd6 48. a6 1-0